Normal view
MARC view
- التعليم الهندسي - مؤتمرات - الاردن 13-16 ايار 2007
Entry Topical Term
001 - CONTROL NUMBER
- control field: 52201
003 - CONTROL NUMBER IDENTIFIER
- control field: JO-AjAnu
005 - DATE AND TIME OF LATEST TRANSACTION
- control field: 20230606082601.0
008 - FIXED-LENGTH DATA ELEMENTS
- fixed length control field: 230606|| aca||aabn | a|a d
040 ## - CATALOGING SOURCE
- Original cataloging agency: JO-AjAnu
- Transcribing agency: JO-AjAnu
150 ## - HEADING--TOPICAL TERM
- Topical term or geographic name entry element: التعليم الهندسي - مؤتمرات - الاردن 13-16 ايار 2007
670 ## - SOURCE DATA FOUND
- Source citation: Work cat.: (JO-AjAnu)26677: اتحاد المهندسين العرب، نقابة المهندسين الأردنيين, author 52200, المؤتمر الهندسي العربي الرابع والعشرون: التعليم الهندسي في الوطن العربي بين الواقع والطموح 14-16 ايار (مايو ) 2007 عمان - الأردن